NATO má stále zmysel

Nová strategická koncepcia NATO. NATO ako dôležitý zdroj stability v neistom a nepredvídateľnom svete. Hľadanie kompromisov v troch zložitých otázkach: vzťah NATO a Ruska, teritoriálny rozsah pôsobnosti NATO a jeho sprolupráca so štátmi, ktoré nie sú jeho členmi. Jadrové NATO. Iná Amerika a iná Euró...

Ausführliche Beschreibung

Gespeichert in:
Bibliographische Detailangaben
1. Verfasser: Bútora, Martin
Format: Buchkapitel
Sprache:Slowakisch
Schlagworte:
Tags: Tag hinzufügen
Keine Tags, Fügen Sie das erste Tag hinzu!

MARC

LEADER 00000naa a2200000 4500
001 0125081
005 20231018093800.5
041 0 |a slo 
044 |a SK 
245 1 0 |a NATO má stále zmysel  |c Martin Bútora 
520 |a Nová strategická koncepcia NATO. NATO ako dôležitý zdroj stability v neistom a nepredvídateľnom svete. Hľadanie kompromisov v troch zložitých otázkach: vzťah NATO a Ruska, teritoriálny rozsah pôsobnosti NATO a jeho sprolupráca so štátmi, ktoré nie sú jeho členmi. Jadrové NATO. Iná Amerika a iná Európa v inej aliancii. 
610 2 0 |a sily ozbrojené 
610 2 0 |a organizácie medzinárodné 
610 2 0 |a bezpečnosť medzinárodná 
610 2 0 |a spolupráca medzinárodná 
100 1 |a Bútora, Martin